000 00329nam a2200121Ia 4500
008 220204s9999 xx 000 0 und d
082 _a539.12
_bIRA
100 _aCallis, Clayton F
245 0 _aParticle size: Measurement interpretation, and application
260 _aNew York
_bJohn Wiley
_c1963
700 _aRiyad
942 _cBK
999 _c20633
_d20633